Jurisprudencia y Precedente Penal Vinculante

Bibliographic Details
Main Author: San Martn̕ Castro, Cšar
Format: eBook
Language:Spanish
Published: Lima : Editorial Palestra, 2006
Subjects:
Online Access:Acceso restringido

MARC

LEADER 00000nam a22000007a 4500
005 20120620183549.0
007 cr|||| ||||
008 120620s2006 pe |||||s|||| 00||0 spa d
020 |a 9972-224-36-8 
035 |a 6477 
040 |a vLex 
090 |c 3224  |d 3224 
100 1 |a San Martn̕ Castro, Cšar 
245 1 0 |a Jurisprudencia y Precedente Penal Vinculante  |h [Recurso electrn̤ico] /  |c Cšar San Martn̕ Castro  
256 |a Servicio en ln̕ea 
260 |a Lima :  |b Editorial Palestra,  |c 2006 
300 |a 1 recurso electrn̤ico 
506 1 |a Contenido solo disponible en los productos indicados  |d vLex Global   |d vLex Global (Academic Edition, excluding Law Schools)   |d vLex Global (U.S. Academic Edition, Law Schools)   |d vLex Global (U.S. Academic Edition, excluding Law Schools)   |d vLex Global (Academic Edition, Law Schools)  
650 0 4 |a Jurisprudencia  |z Per︢ 
650 0 4 |a Procedimiento penal  |z Per︢ 
740 0 |a vLex Libros (Servicio en ln̕ea) 
856 4 0 |u http://vlex.com/source/jurisprudencia-precedente-penal-vinculante-6477  |z Acceso restringido 
942 |c BOOK 
999 0 |a Jurisprudence 
999 0 |a Criminal procedure